| 000 | 00371nam a2200145Ia 4500 | ||
|---|---|---|---|
| 100 | _aJoshi/ S and others | ||
| 942 | _cBK | ||
| 654 | _aprogramming in fortran | ||
| 245 | _aComputer fundamentals and programming in fortran 77& pascal | ||
| 260 |
_bEverest publishing co _aPune _c1990 |
||
| 082 |
_a001.6424F77 _bJOS |
||
| 300 | _a370 | ||
| 546 | _aENGLISH | ||
| 999 |
_c31887 _d31887 |
||